000 00813nam a2200229 i 4500
001 79127
003 ES-MaACL
005 20230906173915.0
007 t|
008 041019s1984 sp ||||1| spa d
020 _a84-294-2179-3
100 1 _aHernández Díaz, Carlos José.
_962927
245 1 0 _aAnimales vertebrados
_b: evolución, fisiología y conducta /
_cCarlos José Hernández Díaz, María Rosario Sánchez García.
260 _aMadrid :
_bSantillana,
_c[1984]
300 _a111 p. :
_bil. col. y n. ;
_c24 cm.
490 1 _aImago. Biblioteca Santillana de consulta ;
_v3
650 4 _aVertebrados.
_9143527
700 1 _aSánchez García, María Rosario.
_9102659
830 1 _aImago. Biblioteca Santillana de consulta ;
_v3
_9182972
852 _aES-MaACL
_jL-9236
999 _c79127
_d79127